000 00455nam a22001577a 4500
999 _c12521
_d12521
008 210204b ||||| |||| 00| 0 eng d
082 0 0 _a621.3
_bK891
100 _91274
_aKraal, Edmund G. R.
245 1 0 _aReed's Vol-VII: Advanced electrotechnology for marine engineers
_cby Edmund G. R. Kraal
250 _a1st ed.
260 _aSunderland
_bThomas Reed
_c1970
300 _a647p.
365 _d70.00
650 0 _aElectrical Engineering
942 _cBK